Chile en el NAFTA: acuerdos de libre comercio versus liberalización unilateral

Kaydedildi:
Detaylı Bibliyografya
Asıl Yazarlar: Schiff, Maurice (Yazar), Sapelli, Claudio (Yazar)
Materyal Türü: Kitap
Dil:İspanyolca
Baskı/Yayın Bilgisi: Santiago Centro Internacional para el Desarrollo Económico 1996
Konular:
Etiketler: Etiketle
Etiket eklenmemiş, İlk siz ekleyin!

MARC

LEADER 00000nam a2200000 a 4500
001 UCT5326
003 CL-VaPUC
008 961206e19960000CL |||||||||||||||||spa|d
082 0 4 |a 382.97  |b SCH  |2 21 
100 0 |a Schiff, Maurice  |e author  |9 374728 
700 0 |a Sapelli, Claudio  |e author  |9 374729 
245 1 0 |a Chile en el NAFTA: acuerdos de libre comercio versus liberalización unilateral 
300 |a 117 p 
942 |c BK 
945 |d 19961206 00:00:00  |a nastorga 
260 |a Santiago  |b Centro Internacional para el Desarrollo Económico  |c 1996 
600 0 7 |a NAFTA  |2 CL-VaPUC  |9 345863 
600 0 7 |a MERCOSUR  |2 CL-VaPUC  |9 330918 
650 0 |a Acuerdos económicos  |9 348030 
650 7 |a TRATADOS COMERCIALES  |2 CL-VaPUC  |9 374730 
650 0 |a Libre comercio  |9 323018 
650 0 |a Comercio  |9 255341 
650 0 |a Propiedad intelectual  |9 256126 
650 0 |a Agricultura  |9 255598 
650 0 |a Negociaciones  |9 374731 
583 |a last modification  |c 19961206 00:00:00  |k Rodrigo Vera 
999 |c 254277  |d 254275 
952 |0 0  |1 0  |4 0  |6 382_970000000000000_SCH_1996  |7 0  |8 A  |9 275800  |a BIBING  |b BIBING  |d 2019-11-19  |i 3256596  |o 382.97 SCH 1996  |p 3256596  |r 2025-01-20  |w 2019-11-19  |y BK  |k TRA